| 000 | 00571nam a2200181 i 4500 | ||
|---|---|---|---|
| 001 | 51375 | ||
| 003 | ES-MaACL | ||
| 005 | 20240524062951.0 | ||
| 007 | t| | ||
| 008 | 030812s1931 sp ||||1| spa d | ||
| 100 | 0 |
_aChesterton, G. K., _d1874-1936 _938399 |
|
| 245 | 1 | 3 |
_aLa superstición del divorcio / _cG.K. Chesterton ; traducido por Eduardo Toda Valcarcel. |
| 260 |
_aMadrid : _bPoblet, _c1931 ( _fSan Hermanos) |
||
| 300 |
_a164 p. ; _c19 cm. |
||
| 700 | 1 |
_aToda Valcárcel, Eduardo. _9110395 |
|
| 852 |
_aES-MaACL _jA-532 |
||
| 999 |
_c51375 _d51375 |
||